Theory of indian music / (Record no. 128939)

MARC details
000 -LEADER
fixed length control field 00667nam a22002177a 4500
005 - DATE AND TIME OF LATEST TRANSACTION
control field 20170124110048.0
010 ## - LIBRARY OF CONGRESS CONTROL NUMBER
LC control number A-896381
020 ## - INTERNATIONAL STANDARD BOOK NUMBER
Terms of availability 240.00
International Standard Book Number 8170060567
035 ## - SYSTEM CONTROL NUMBER
System control number A-896381
037 ## - SOURCE OF ACQUISITION
Source of stock number/acquisition Cen Lib/Ret
040 ## - CATALOGING SOURCE
Original cataloging agency DPL
Language of cataloging EN
082 ## - DEWEY DECIMAL CLASSIFICATION NUMBER
Classification number 780.954
Item number SWA
100 ## - MAIN ENTRY--PERSONAL NAME
Personal name Swarup, Ra Bahadur Bishan
9 (RLIN) 24886
245 ## - TITLE STATEMENT
Title Theory of indian music /
Statement of responsibility, etc by Ra Bahadur Bishan Swarup
260 ## - PUBLICATION, DISTRIBUTION, ETC. (IMPRINT)
Place of publication, distribution, etc New Delhi
Name of publisher, distributor, etc Asian Publication Services
Date of publication, distribution, etc 1997
270 ## - ADDRESS
Address 243, Defence Colony, Flyover Market
City New Delhi
Postal code 110024
300 ## - PHYSICAL DESCRIPTION
Extent 233p. :
Dimensions 21cm(Hb)
650 ## - SUBJECT ADDED ENTRY--TOPICAL TERM
Topical term or geographic name as entry element Hindustani music
9 (RLIN) 112613
650 ## - SUBJECT ADDED ENTRY--TOPICAL TERM
Topical term or geographic name as entry element Music
9 (RLIN) 4778
942 ## - ADDED ENTRY ELEMENTS (KOHA)
Source of classification or shelving scheme Dewey Decimal Classification
Koha item type English Books
Classification part 780.954
Call number suffix SWA
Holdings
Withdrawn status Lost status Damaged status Not for loan Home library Current library Date acquired Source of acquisition Cost, normal purchase price Total Checkouts Full call number Barcode Date last seen Date checked out Copy number Cost, replacement price Price effective from Koha item type Source of classification or shelving scheme Collection code Public note
        Central Library Central Library 03/07/2015 Cen Lib/Ret 240.00 1 780.954 SWA A-896381 01/07/2019 29/05/2019 1 240.00 03/07/2015 English Books      
        Sarojini Nagar Sarojini Nagar 10/05/2019       780.954 SWA A-896383 10/05/2019       10/05/2019 English Books Dewey Decimal Classification Non-fiction Withdrawn List Prepared L.No.15/15

© Delhi Public Library
Hit Counter
free hit counter